Abejas altoandinas de Colombia : (Registro nro. 4980)

Detalles MARC
000 -CABECERA
Campo de control 00849nam a2200229 i 4500
005 - FECHA Y HORA DE LA ULTIMA TRANSACCION
Campo de control 20160217182958.0
008 - ELEMENTOS DE LONGITUD FIJA—INFORMACION GENERAL
Campo de control 130709b2005 ck ||||| |||| 00| 0 spa d
040 ## - FUENTE DE CATALOGACIÓN
Agencia catalogadora original CO-BoIAVH
Agencia transcriptora CO-BoIAVH
041 ## - IDIOMA
Código de idioma para texto/pista de sonido o título separado Español
044 ## - PAÍS DE PUBLICACIÓN
País de publicación Colombia
082 04 - NUMERO DE CLASIFICACION DECIMAL DEWEY
Número de clasificación 638.1
Número del ítem G64a
100 1# - ASIENTO PRINCIPAL--NOMBRE PERSONAL
Nombre personal González, Victor H.
9 (RLIN) 419
245 10 - MENCION DE TITULO
Título Abejas altoandinas de Colombia :
Parte restante del título guía de campo /
Mención de responsabilidad Víctor H. González, Mónica Ospina y Daniel J. Bennet.
260 ## - PUBLICACION, DISTRIBUCION, ETC. (PIE DE IMPRENTA)
Lugar de publicación, distribución, etc. Bogotá :
Nombre del editor, distribuidor, etc. Instituto Alexander von Humboldt,
Fecha de publicación, distribución, etc. 2005.
300 ## - DESCRIPCION FISICA
Extensión 80 páginas :
Otros detalles físicos ilustraciones ;
Dimensiones 18 cm.
504 ## - NOTA DE BIBLIOGRAFIA, ETC.
Nota de bibliografía Incluye referencias bibliográficas.
650 #4 - ASIENTO SECUNDARIO DE MATERIA - TERMINO TEMATICO
Término temático o nombre geográfico como elemento de entrada Apicultuira
Subdivisión geográfica Andes (Región, Colombia)
9 (RLIN) 60854
650 #4 - ASIENTO SECUNDARIO DE MATERIA - TERMINO TEMATICO
Término temático o nombre geográfico como elemento de entrada Abejas
Subdivisión general Hábitos y cultura
Subdivisión geográfica Andes (Región, Colombia)
9 (RLIN) 60855
700 1# - ASIENTO SECUNDARIO - NOMBRE PERSONAL
Nombre personal Ospina, Monica,
Término de relación autora.
9 (RLIN) 422
700 1# - ASIENTO SECUNDARIO - NOMBRE PERSONAL
Nombre personal Bennett, Daniel J.
Término de relación autor.
9 (RLIN) 423
942 ## - ELEMENTOS ADICIONALES (KOHA)
Tipo de ítem Libro
Sistema de clasificación Dewey Decimal Classification
Existencias
Withdrawn status Lost status Sistema de Clasificación Damaged status No para préstamo Colección Inventariado Ubicación Permanente Ubicación actual Fecha de adquisición Fuente de Valor Valor Total Checkouts Número topográfico Inventario / Código de Barras Date last seen Ejemplar Price effective from Forma de adquisición Tipo de material Total Renewals Date checked out
    Dewey Decimal Classification     Humboldt Inventariado 2017 Bogotá Bogotá 19/12/2005 Instituto 40000.00 1 IAVH 638.1 G64a 022634 20/10/2014 Ej. 1 04/12/2012 Institucional Libro   10/10/2014
    Dewey Decimal Classification     Humboldt Inventariado 2017 Bogotá Bogotá 19/12/2005 Instituto 40000.00 1 IAVH 638.1 G64a 022632 13/05/2019 Ej. 2 04/12/2012 Institucional Libro   13/05/2019
    Dewey Decimal Classification     Humboldt Inventariado 2017 Bogotá Bogotá 09/07/2013 Instituto 40000.00 1 IAVH 638.1 G64a 028450 06/09/2018 Ej. 4 09/07/2013 Institucional Libro   06/09/2018
    Dewey Decimal Classification     Humboldt Inventariado 2017 Bogotá Bogotá 06/08/2013 Instituto 40000.00   IAVH 638.1 G64a 022636 06/08/2013 Ej. 3 06/08/2013 Institucional Libro    
    Dewey Decimal Classification     Humboldt Inventariado 2017 Bogotá Bogotá 17/02/2016 Instituto 30000.00   IAVH 638.1 G64a 042240 17/02/2016 Ej. 1 17/02/2016 Institucional Libro    
    Dewey Decimal Classification     Humboldt Inventariado 2017 Sala Fabio Quevedo Sala Fabio Quevedo 18/07/2014 Instituto 40000.00   IAVH-638.1 G64a 022635 04/12/2012 Ej. 6 04/12/2012   Libro    
    Dewey Decimal Classification     Humboldt Inventariado 2017 Sala Fabio Quevedo Sala Fabio Quevedo 18/07/2014 Instituto 40000.00 1 IAVH-638.1 G64a 022633 27/03/2015 Ej. 5 04/12/2012   Libro 2 09/03/2015
    Dewey Decimal Classification     Humboldt Inventariado 2017 Villa de Leyva Villa de Leyva 19/12/2005 Instituto 40000.00   IAVH-00491 022631 04/12/2012 Ej. 1 04/12/2012 Institucional Libro